[Event "España ch 2010 sub-12"]
[Site "Linares ESP"]
[Date "2010.07.11"]
[Round "9.15"]
[White "Picos Maiztegui, Miguel"]
[Black "Ortega Lopez, Mikel"]
[Result "1/2-1/2"]
[WhiteElo "1551"]
[PlyCount "45"]
[EventDate "2010.07.06"]
[EventType "swiss"]
[EventRounds "9"]
[EventCountry "ESP"]
[Source "lmi"]
[SourceDate "2010.07.06"]
[BlackElo "1703"]

1. e4 c5 2. Nf3 e6 3. c3 Nc6 4. Bd3 d6 5. Bc2 Nf6 6. h3 Be7 7. O-O O-O 8. Re1
d5 9. e5 Nd7 10. d4 cxd4 11. Qd3 g6 12. cxd4 Re8 13. Bh6 Bf8 14. Qd2 Bg7 15.
Bxg7 Kxg7 16. a3 Nb6 17. b3 Bd7 18. Nc3 a6 19. Rac1 Qe7 20. a4 Rac8 21. Ne2 Qb4
22. Qxb4 Nxb4 23. Bb1 1/2-1/2